000 00666nam a2200289Ia 4500
005 20260324134028.0
008 008 260324s9999 xx 000 0 eng d
020 _a9781003495116
037 _aEBOOK
040 _aCRL
040 _beng
040 _cCRL
041 _2eng
041 _aeng
084 _qCRL
100 _aMarc Day
_91195309
245 0 _aGower Handbook of Purchasing Management
245 0 _bThird Edition
260 _bTaylor and Francis
260 _c2002
365 _a
365 _b180
856 _uhttp://www.taylorfrancis.com/books/9781003495116
942 _cEBOOK
999 _c1794943
_d1794943